| 000 | 01623nam a22004457a 4500 | ||
|---|---|---|---|
| 003 | CHAP | ||
| 005 | 20220329141326.0 | ||
| 008 | 971013s1989 r 00010 d | ||
| 010 | _a66430 | ||
| 011 | _a67402 | ||
| 035 | _a76872 | ||
| 040 | _cCHAP | ||
| 090 | _aTesis | ||
| 100 | 0 | 0 |
_aLlano Agudelo, Beatriz Eugenia. _967261 |
| 245 | _aEfecto de citocininas y auxinas en embriones de aguacate (Persea americana Mill. raza mexicana) cultivados in vitro | ||
| 260 |
_aChapingo, Méx. : _bEl autor, _c1989 |
||
| 300 | _a112 h. | ||
| 500 | _a28-40 | ||
| 502 | _aTesis (Maestro en Ciencias Esp. en Fruticultura) -- CP. Centro de Fruticultura | ||
| 590 |
_aALEPH _b10 _c20130110 _lUCH01 _h1400 |
||
| 590 |
_aBATCH-UPD _b10 _c20130110 _lUCH01 _h0057 |
||
| 590 |
_aBATCH-UPD _b10 _c20130110 _lUCH01 _h0609 |
||
| 590 |
_aBATCH-UPD _b10 _c20130110 _lUCH01 _h2318 |
||
| 590 |
_aBATCH-UPD _b10 _c20130409 _lUCH01 _h2046 |
||
| 590 |
_aBATCH-UPD _b10 _c20130410 _lUCH01 _h0904 |
||
| 590 |
_aBATCH-UPD _b10 _c20130913 _lUCH01 _h2255 |
||
| 590 |
_aBATCH-UPD _b10 _c20130914 _lUCH01 _h1727 |
||
| 590 |
_aCONVERSION _b10 _c20130109 _lUCH01 _h1337 |
||
| 650 | 1 | 4 |
_aAguacate _xGerminación. _92519 |
| 650 | 1 | 4 |
_aAguacate _xMejoramiento. _92533 |
| 650 | 1 | 4 |
_aAguacate _xPlantulas. _92544 |
| 650 | 1 | 4 |
_aAuxinas. _98437 |
| 650 | 1 | 4 |
_aCitocininas. _923484 |
| 650 | 1 | 4 |
_aPlantas _xCrecimiento _xEstimulantes. _988808 |
| 650 | 1 | 4 |
_aPlantas _xEmbriología. _988825 |
| 710 | 0 |
_aColegio de Postgraduados. Chapingo, Méx. Centro de Fruticultura. _925081 |
|
| 901 | _aBK | ||
| 942 | _cFOLL | ||
| 949 |
_bBC _cTES _d33724000902656 _eTS2 _f1989 c.2 _h21366 _i76872 _si |
||
| 999 |
_c66430 _d66430 |
||